| 000 | 00519nam a2200193Ia 4500 | ||
|---|---|---|---|
| 005 | 20250423095537.0 | ||
| 008 | 250422s9999 xx 000 0 und d | ||
| 020 | _a9781568989792 | ||
| 050 | _aNC 997 .G73/ | ||
| 100 | _aEdited by Ellen Lupton | ||
| 245 | 0 | _aGraphic design thinking : beyond brainstorming | |
| 250 | _a1st ed. | ||
| 260 | _aNew York | ||
| 260 | _bPrinceton Architectural Press | ||
| 260 | _c2001 | ||
| 300 | _a184 p | ||
| 650 | _a Graphic arts--Technique. Creative thinking. | ||
| 942 | _cBK | ||
| 999 |
_c30594 _d30594 |
||